000 00861nas a2200265 4500
001 BR9507382
003 BR-BrBNA
005 20231205095423.0
007 ta
008 230509b bl.|||p| |||| 00| 00por d
040 _aBR-BrBNA
_bpor
_cBiblioteca Nacional de Agricultura
041 _a(Pt)
072 _aL52
100 1 _aWiwerth, A.M.
100 1 _aMagalhaes, L.M.
100 1 _aCosta Val, V.P.
245 1 _aO emprego de pintos de um dia, da raca rhode island red, na dosagem de hormonios gonadotropicos
650 _aPinto de um Dia
650 _aRaca
650 _aHormonio Animal
650 _aRegulador de Crescimento
773 0 _tArquivos da Escola Superior de Veterinaria da Universidade Rural do Estado de Minas Gerais (Brazil)
_x
_g(1950), v. 3 p. 73-76
_wBR9507382
909 _a202311
_bLúcia
_c55
_dLúcia Elande
942 _2AGRIS
_n0
_cANA
999 _c150552
_d150552